Polskie miasta zarażone koronawirusem - Statystyki

Ogólne statystyki
  • Ten quiz został rozwiązany 250 razy
  • Średni wynik to 8 z 18
Statystyki odpowiedzi
Miasto % Poprawnych
Warszawa
99%
Kraków
87%
Wrocław
83%
Poznań
82%
Szczecin
75%
Łódź
72%
Zielona Góra
68%
Lublin
64%
Opole
46%
Sosnowiec
27%
Racibórz
21%
Ostróda
20%
Chorzów
18%
Cieszyn
16%
Łańcut
11%
Zawiercie
6%
Bełżyce
3%
Oleśnica
3%
Nie znaleziono quizów pasujących do podanych kryteriów
Rozkład punktacji
Procent ludzi z każdym wynikiem
Percentyl według liczby udzielonych odpowiedzi
Twoja historia wyników
Nie rozwiązałeś tego quizu